| 000 | 00530nam a2200181Ia 4500 | ||
|---|---|---|---|
| 008 | 100917s9999 xx 000 0 und d | ||
| 082 | _b41471 | ||
| 100 | _aआफळे अशोक | ||
| 245 | _aचतुर सुगंधा | ||
| 260 |
_bइंद्रायणी साहित्य _c1975 |
||
| 300 | _a32 | ||
| 365 | _b1 | ||
| 520 | _aबालविभाग | ||
| 630 | _aचतुर सुगंधा | ||
| 650 | _aबालविभाग | ||
| 730 | _aचतुर सुगंधा | ||
| 942 | _cBOOK | ||
| 999 |
_c646865 _d646862 |
||